Architectures : The Bauhaus /
Serie documental de televisión que presenta revisiones de varias de las creaciones que han marcado una inflexión en el desarrollo histórico de la arquitectura, centrada principalmente en proyectos y obras edificados entre fines del siglo XVIII e inicios del siglo XXI. El primer tomo contiene seis pr...
Gespeichert in:
| 1. Verfasser: | |
|---|---|
| Weitere Verfasser: | , , , , , , , , , , , , , , , , , |
| Format: | |
| Sprache: | Englisch |
| Schriftenreihe: | (Architectures ;
1) |
| Schlagworte: | |
| Tags: |
Keine Tags, Fügen Sie das erste Tag hinzu!
|
MARC
| LEADER | 00000ngm^a2200000^a^4500 | ||
|---|---|---|---|
| 001 | 000186895 | ||
| 005 | 20250521000000.0 | ||
| 009 | 20260310102240.502 | ||
| 020 | |a 1-56580-368-X | ||
| 037 | |a Acervo ITESO - Biblioteca | ||
| 041 | |a ING | ||
| 082 | |a 720. 9 |b ARC V. 1 | ||
| 100 | |a Copans, Richard |e (idea original) | ||
| 240 | 1 | 1 | |a [Architectures] |
| 245 | 1 | 0 | |a Architectures : |b The Bauhaus / |c Idea original de R. Copans, S. Neumann ; realización de F. Compain. |
| 264 | |a Estrasburgo, Francia : |b ARTE, |c 1995-2000 | ||
| 264 | |a Chicago, EUA : |b Facets Video [distribución], |c ca. 2003 | ||
| 300 | |a 1 DVD multirregión |c (28, 27, 28, 26, 26, 26 min.) | ||
| 336 | |a imagen móvil bidimensional |b tdi |2 rdacontenido | ||
| 337 | |a video |b v |2 rdamedio | ||
| 338 | |a videodisco |b vd |2 rdasoporte | ||
| 440 | 1 | |a (Architectures ; |v 1) | |
| 500 | |a Traducción de: Architectures: Le Bauhaus de Dessau | ||
| 500 | |a Traducción de: Architectures: L'Ecole de Siza | ||
| 500 | |a Traducción de: Architectures: Le familistere: une cité radieuse au XIXème siècle | ||
| 500 | |a Traducción de: Architectures: Nemausus 1: une HLM des années 80 | ||
| 500 | |a Traducción de: Architectures: Le Centre Georges Pompidou | ||
| 500 | |a Traducción de: Architectures: Le Caisse d'Epargne de Vienne, 1903-1906: Architecte Otto Wagner | ||
| 520 | |a Serie documental de televisión que presenta revisiones de varias de las creaciones que han marcado una inflexión en el desarrollo histórico de la arquitectura, centrada principalmente en proyectos y obras edificados entre fines del siglo XVIII e inicios del siglo XXI. El primer tomo contiene seis programas, referidos a las siguientes creaciones: 1) El conjunto compuesto por la escuela-taller y viviendas para el personal docente de la sede de la Bauhaus en Dessau (1925-1926), del alemán Walter Gropius (1883-1969); 2) La Facultad de Arquitectura de Oporto (1984-1993), del portugués Alvaro Siza; 3) El complejo industrial-habitacional de Guisa iniciado en 1859 y proyectado por el industrial francés Jean-Baptiste-André Godin (1817-1888), bajo la influencia del pensamiento de Charles Fourier; 4) El complejo habitacional Nemausus I en Nimes (1985-1987), del francés Jean Nouvel; 5) El Centro Georges Pompidou en París (1971-1977), del italiano Renzo Piano y el angloitaliano Richard Rogers y 6) La Caja Postal de Ahorros de Viena (1903-1912), del austríaco Otto Wagner. Aunque han sido asentados los títulos correspondientes a la versión doblada al inglés, los discos presentan la opción de reproducir las versiones originales de los programas en lengua francesa y alemana. | ||
| 520 | |a Suplementos y características especiales: ninguna. | ||
| 546 | |a Doblaje opcional: alemán, inglés | ||
| 649 | |a XX | ||
| 650 | |a Arquitectos | ||
| 650 | |a Artistas | ||
| 650 | |a Industriales Franceses | ||
| 650 | |a Documentales | ||
| 650 | |a Series de Televisión | ||
| 650 | |a Televisión - |z Francia - |y 1990-1999 | ||
| 650 | |a Televisión - |z Francia - |y 2000-2009 | ||
| 650 | |a Televisión - |z Francia - |y Siglo XX | ||
| 650 | |a Televisión - |z Francia - |y Siglo XXI | ||
| 650 | |a Universidades - |z Dessau, Alemania | ||
| 650 | |a Universidades - |z Oporto, Portugal | ||
| 650 | |a Departamentos - |z Guisa, Francia | ||
| 650 | |a Departamentos - |z Nimes, Francia | ||
| 650 | |a Arquitectura Industrial - |z Guisa, Francia | ||
| 650 | |a Museos y Galerías - |z París, Francia | ||
| 650 | |a Centros Culturales - |z París, Francia | ||
| 650 | |a Bancos y Centros Financieros - |z Viena, Austria | ||
| 650 | |a Utopía | ||
| 650 | |a Bauhaus - |z Alemania - |x Historia y Crítica | ||
| 650 | |a High-Tech (Aquitectura) - |z Francia - |x Historia y Crítica | ||
| 650 | |a Arquitectura Moderna - |z Alemania - |x Historia y Crítica | ||
| 650 | |a Arquitectura Moderna - |z Austria - |x Historia y Crítica | ||
| 650 | |a Arquitectura Moderna - |z Francia - |x Historia y Crítica | ||
| 650 | |a Arquitectura Moderna - |z Portugal - |x Historia y Crítica | ||
| 650 | |a Arquitectura Moderna - |x Historia y Crítica | ||
| 650 | |a Arquitectura Posmoderna - |z Francia - |x Historia y Crítica | ||
| 650 | |a Arquitectura Posmoderna - |x Historia y Crítica | ||
| 650 | |a Arquitectura Alemana - |x Historia y Crítica | ||
| 650 | |a Arquitectura Austríaca - |x Historia y Crítica | ||
| 650 | |a Arquitectura Francesa - |x Historia y Crítica | ||
| 650 | |a Arquitectura Portuguesa - |x Historia y Crítica | ||
| 650 | |a Arquitectura - |x Historia y Crítica - |x Tema Principal | ||
| 650 | |a Arte Moderno - |z Alemania - |x Historia y Crítica | ||
| 650 | |a Arte Moderno - |z Portugal - |x Historia y Crítica | ||
| 650 | |a Arte Moderno - |z Francia - |x Historia y Crítica | ||
| 650 | |a Arte Moderno - |z Austria - |x Historia y Crítica | ||
| 650 | |a Arte Moderno - |x Historia y Crítica | ||
| 650 | |a Arte Posmoderno - |z Francia - |x Historia y Crítica | ||
| 650 | |a Arte Posmoderno - |x Historia y Crítica | ||
| 650 | |a Arte Alemán - |x Historia y Crítica | ||
| 650 | |a Arte Austríaco - |x Historia y Crítica | ||
| 650 | |a Arte Francés - |x Historia y Crítica | ||
| 650 | |a Arte Portugués - |x Historia y Crítica | ||
| 650 | |a Arte - |x Historia y Crítica | ||
| 650 | |a Godin, Jean-Baptiste-André | ||
| 650 | |a Gropius, Walter | ||
| 650 | |a Nouvel, Jean | ||
| 650 | |a Piano, Renzo | ||
| 650 | |a Rogers, Richard | ||
| 650 | |a Siza, Alvaro | ||
| 650 | |a Wagner, Otto | ||
| 740 | 0 | |a Architectures : |b The Faculty of Architecture in Oporto / |c Idea original de R. Copans, S. Neumann ; realización de R. Copans, S. Neumann. | |
| 740 | 0 | |a Architectures : |b Family Lodging in Guise / |c Idea original de R. Copans, S. Neumann ; realización de C. Adda. | |
| 740 | 0 | |a Architectures : |b Nemausus 1 / |c Idea original de R. Copans, S. Neumann ; realización de R. Copans, S. Neumann. | |
| 740 | 0 | |a Architectures : |b The Georges Pompidou Center / |c Idea original de R. Copans, S. Neumann ; realización de R. Copans. | |
| 740 | 0 | |a Architectures : |b The Post Office Savings Bank in Vienna / |c Idea original de R. Copans, S. Neumann ; realización de S. Neumann. | |
| 700 | |a Neumann, Stan |e (idea original) | ||
| 700 | |a Compain, Frédéric |e (realización) | ||
| 700 | |a Compain, Frédéric |e (guión) | ||
| 700 | |a Boffety, Pierre |e (fotógrafo) | ||
| 700 | |a Yaccelini, Alberto |e (montaje) | ||
| 700 | |a Lemarchand, Pierre |e (música) | ||
| 700 | |a Copans, Richard |e (realización) | ||
| 700 | |a Neumann, Stan |e (realización) | ||
| 700 | |a Copans, Richard |e (guión) | ||
| 700 | |a Neumann, Stan |e (guión) | ||
| 700 | |a Copans, Richard |e (fotógrafo) | ||
| 700 | |a Neumann, Stan |e (montaje) | ||
| 700 | |a Le Villain, Claire |e (montaje) | ||
| 700 | |a Adda, Catherine |e (realización) | ||
| 700 | |a Adda, Catherine |e (guión) | ||
| 700 | |a Foucault, Stephane |e (montaje) | ||
| 700 | |a Benoit, Christine |e (montaje) | ||
| 700 | |a Burgess, Ned |e (fotógrafo) | ||
| 910 | |a Fondo General | ||
| 920 | |a Audiovisuales - DVDs | ||
| 940 | |a Películas | ||
| 905 | |a 302 | ||
| 901 | |a 0500123924 |b IT2 |c DVS |u 20250521 | ||
| 902 | |a https://opac.biblio.iteso.mx/vufind/Record/000186895 | ||